000 01490nab a2200241 i 4500
001 768714001
003 CO-MdFUSB
005 20240801153536.0
008 240801t1997 -us||||| |||| 00| 0 eng d
040 _bspa
_cCO-MdFUSB
_dCO-MdFUSB
041 _aeng
100 _aNorton, Hugo Wilbert,
_eautor
245 4 _aThe Student Foreign Missions Fellowship over Fifty-Five Years
_c/ Hugo Wilbert Norton
520 _aLos estudiantes han estado a la vanguardia de la labor misionera de la iglesia norteamericana, encabezando cada una de las tres eras del avance misionero. Los estudiantes, reunidos en oración en un pajar en el campus de Williams College en 1806, inauguraron la historia de las misiones extranjeras de la iglesia norteamericana. Ochenta años después, en 1886, la Conferencia de Mount Hermon de estudiantes universitarios condujo a la organización del Movimiento de Voluntarios Estudiantiles. El SVM envió miles de voluntarios misioneros a todo el mundo, haciendo de las misiones un elemento central de la vida de la iglesia a fines del siglo XIX.
546 _aTexto en inglés.
650 0 _aMisiones
_9154
650 7 _aEnseñanza bíblica
_91266
650 7 _aMisioneros
_9931
650 0 _aEvangelización
_9362
773 0 _049483
_982866
_oR2730
_tInternational Bulletinof Missionary Research
_w(CO-MdFUSB)768714001
_x0272-6122
_gVolumen 17, (número 1, 1993), páginas: 17 - 21
_qpágina: 17
942 _cANA
945 _aCatherine Arias Álvarez - Practicante SENA
999 _c70703
_d70703